000 00341nab a22001097u 4500
008 130520b1977 xxu||||| |||| 00| 0 eng d
041 _aeng
100 1 _aDauenhauer, Bernard P.
_950085
245 0 0 _aPolitics and Coercion
_cBernard P. Dauenhauer
773 0 _tPhilosophy Today
_gV.21, nº2,1977,págs. 115-125
_x0031-8256
_wRev325
942 _cAR
999 _c303116
_d303116